Statystyki dla Odpowiedź Zaczyna się na "Y"

Kliknij tutaj aby rozwiązać quiz!

Ogólne statystyki

  • Ten quiz został rozwiązany 2 905 razy
  • Średni wynik to 12 z 30

Statystyki odpowiedzi

Lp.PytanieOdpowiedź% Poprawnych
3Jak w kulturze zachodniej określa się mitycznego "człowieka/stwora śniegu" który rzekomo zamieszkuje Himalaje i Syberię?Yeti
97%
2Jaką nazwę nosi najstarszy park narodowy na świecie?Yellowstone
84%
15Jaką nazwę nosi najpopularniejszy portal oferujący możliwość zamieszczania, odtwarzania i strumieniowania filmów?YouTube
84%
5Jaką nazwę nosi japoński koncern założony 1887 roku zajmujący się między innymi produkcją sprzętu muzycznego i motocykli?Yamaha
83%
13Jaką nazwę nosi popularny mały model osobowej Toyoty?Yaris
75%
7Jak miał na imię mistrz Jedi, który został zmuszony do ukrawania się na planecie Dagobah?Yoda
74%
1Jaką nazwę nosi znana japońska organizacja przestępcza?Yakuza
72%
26Jaką nazwę nosi napój przygotowywany z wysuszonych lub świeżych liści ostrokrzewu paragwajskiego?Yerba mate
70%
27Jaką nazwę nosił program rozrywkowy na licencji z USA emitowany na TVN, będący swoistym konkursem tańca?You Can Dance - Po Prostu Tańcz
66%
29Jaką nazwę nosi rodzaj zabawki w postaci ciężarka-szpulki zawieszonego na sznurku?Yoyo
62%
11Jaką nazwę nosi popularny amerykański portal internetowy założony przez Davida Filo i Jerrego YangYahoo!
54%
17Jak na imię ma czarodziejka z uniwersum "Wiedźmina" która zadebiutowała w opowiadaniu "Ostatnie Życzenie". Jedna z głównych postaci trzeciej odsłony serii gier opartej na uniwersum?Yennefer z Vengerbergu
54%
8Jaką nazwę noszą dwie pierwotne i przeciwne, lecz uzupełniające się siły wywodzące się z antycznej chińskiej filozofii i metafizyki?Yin i Yang
54%
30Jaką nazwę nosi prywatny, prestiżowy uniwersytet w Stanach Zjednoczonych, w mieście New Haven, w stanie Connecticut?Yale University
41%
25Podaj imię i nazwisko wdowy po Johnnie Lenonie.Yoko Ono
36%
22Jaką nazwę nosi historyczna kraina jak i byłe największe hrabstwo w Anglii?Yorkshire
34%
9Jaką skrótową (akronim) nazwę nosi założona w Londynie chrześcijańska organizacja o której utwór napisał zespół Village People?YMCA
32%
4Jaką nazwę nosi dwudziesta litera alfabetu greckiego?Ypsilon
29%
23Jaką nazwę nosi port i miasto na południu Szwecji do którego wypływają promy ze Świnoujścia?Ystad
24%
6Jaką nazwę nosi brytyjska grupa rockowa odpowiedzialna za przebój "Owner of a Lonely Heart"?Yes
19%
19Jak na imię i nazwisko ma chiński koszykarz NBA, którego jedno ze zdjęć stało się internetowym memem?Yao Ming
15%
14Jak ma na nazwisko kanadyjski wokalista i gitarzysta znany z przeboju "Keep on Rockin in the Free World"?Young
15%
20Jaką nazwę nosi kanadysjkie terytorium graniczące z Alaską? (podaj nazwę w języku angielskim)Yukon
13%
10Jaką nazwę nosi typ czarnej i zielonej herbaty, produkowanej z liści krzewów herbacianych uprawianych w chińskiej prowincji o tej samej nazwie?Yunnan
9%
18Jaki tytuł nosił przebój zespołu "Christie", którego nazwę można kojarzyć z nazwą rzeki w Chinach?Yellow River
6%
21Podaj oryginalny (angielski) tytuł piątego filmu z cyklu "007"You Only Live Twice
6%
16Jaką nazwę nosi popularna w USA gra w kości wydana przez Milton Bradley?Yahtzee
4%
12Jaki tytuł miała popularna w Polsce manga autorstwa Gosho Aoyamy, nadawana na RTL 7?Yaiba -Legendarny Samuraj
3%
28Jaką nazwę w mitologii japońskiej nasi tzw. "Kraina Cieni" do której trafiają ludzie po śmierci?Yomi
3%
24Jaki tytuł miała wypuszczona 1982 roku gra na Atari 2600, jedną z najlepiej sprzedających się gier na konsole stworzoną przez Howarda Scotta Warshawa?Yar's Revenge
1%

Rozkład punktacji

Percentyl według liczby udzielonych odpowiedzi

Procent ludzi z każdym wynikiem

Twoja historia wyników

Nie rozwiązałeś tego quizu